000 00853nam a22001817a 4500
008 100816s2005 xxu||||| |||| 00| 0 ara d
082 _222
_a338.7
_bأ ش هـ
100 1 _917504
_aالأشهب ، نعيم
245 _aمشروع الشرق الأوسط الكبير :
_bأعلى مراحل التبعية /
_cنعيم الأشهب ، مازن الحسيني
260 _aعمان :
_bدار الشروق ،
_c2005.
300 _a231 ص ؛
_c20 سم.
504 _aيحتوى على إرجاعات ببليوجرافية
541 _aدار الشروق ؛
_cشراء ؛
650 _916238
_aالسياسة
700 _917505
_aالحسيني ، مازن
942 _2ddc
_cBB
999 _c14668
_d14668